Music Quiz

Random Music or Monty Python Quiz

Monty Python Lyrics Match Quiz Stats

 Plays Quiz not verified by Sporcle

Challenge
Share
Tweet
Embed
Score 0/20 Timer 06:00
0 Plays Today
% Correct
Camelot Song
87%
The Lumberjack Song
85.5%
Always Look on the Bright Side of Life
84.2%
Decomposing Composers
84%
Eric the Half-a-Bee
83.2%
I Like Traffic Lights
83%
The Brave Sir Robin Song
80.9%
I've Got Two Legs
80.7%
I'll Bet You They Won't Play This Song on the Radio
79.6%
Finland
76.6%
% Correct
The Money Song
76.6%
I Like Chinese
73%
Oliver Cromwell
71.8%
Henry Kissinger
69%
The Galaxy Song
68.2%
I'm So Worried
63.1%
The 'Meaning of Life' Theme Song
62.3%
The Bruces' Philosophers Song
58.3%
Do Wot John
57.8%
The 'Life of Brian' Theme Song
53.2%

You're not logged in!

Compare scores with friends on all Sporcle quizzes.
Join for Free
OR
Log In

You Might Also Like...

Show Comments

Extras

Top Quizzes Today


Score Distribution

Your Account Isn't Verified!

In order to create a playlist on Sporcle, you need to verify the email address you used during registration. Go to your Sporcle Settings to finish the process.

Report this User

Report this user for behavior that violates our Community Guidelines.

Details: